000 00301 a2200145 4500
001 152033
040 _cEscola São Tomás de Aquino
100 _aGULLAR, Ferreira
240 1 0 _aPé de poesia
_lpor
245 1 0 _aPé de poesia
300 _a63
362 0 _a2006
697 _aPoesia
942 _cBK
999 _c152033
_d152033